00341nam a2200133Ia 4500008004100000020001800041041000800059082001800067100004400085245002100129250000600150260003700156300001400193210716s2014 xx 000 0 und d a9789351194361 aeng a621.3821 LIMB aLim, Brendan; Donell, Martin Conte Mac. aIOS 7 in action. a1 aNew DelhibDreamtech Pressc2014 axviii,350